000 00579pam a2200217 a 4500
020 _c
040 _aMedical College Lib.
041 _aENG
_hENG
082 _a616.075
_bVAK
100 _aVakil , R. J. .
245 _aPhysical Diognosis A Text Book of Symptoms & Signs /
_c
_hTextual Documents
250 _a4th /
_b.
260 _a :
_bMedia Promoters ,
_c1999.
300 _a19 ;
_c
365 _a330=00
653 _aMedicine
_aMedical Science
700 _aGolwealla, A. F. .
930 _a2072
999 _c2071
_d2071